[Event "Santa Cruz Dario Cup"]
[Site "Santa Cruz"]
[Date "2022.08.28"]
[Round "7"]
[White "Daza, Manfredo"]
[Black "Zaigua Pedraza, Carlos"]
[Result "1-0"]
[WhiteElo "2106"]
[BlackElo "1685"]
[PlyCount "75"]
[EventDate "2022.08.26"]
[EventType "swiss"]
[EventRounds "7"]
[EventCountry "BOL"]
[SourceTitle "CBM 210 Extra"]
[Source "ChessBase"]
[SourceDate "2022.11.30"]
[SourceVersion "1"]
[SourceVersionDate "2022.11.30"]
[SourceQuality "1"]

1. Nf3 c5 2. c4 g6 3. g3 Bg7 4. Bg2 Nf6 5. 0-0 Nc6 6. Nc3 0-0 7. d4 cxd4 8. Nxd4 a6 9. h3 Qb6 10. Nb3 d6 11. Be3 Qc7 12. Rc1 Be6 13. Nd5 Qd8 14. Nd4 Bxd5 15. cxd5 Ne5 16. Qb3 Rb8 17. Rc2 Nfd7 18. f4 Nc5 19. Qa3 Ned7 20. b4 e5 21. fxe5 dxe5 22. bxc5 exd4 23. Bf4 Rc8 24. Bd6 Re8 25. c6 bxc6 26. dxc6 Ne5 27. Kh2 h5 28. c7 Qd7 29. Bb7 h4 30. gxh4 a5 31. Bxc8 Rxc8 32. Qc5 d3 33. exd3 Nxd3 34. Qc6 Qe6 35. Bg3 Be5 36. Qxe6 Bxg3+ 37. Kxg3 fxe6 38. Rd1 1-0

[Event "Santa Cruz Dario Cup"]
[Site "Santa Cruz"]
[Date "2022.08.27"]
[Round "5"]
[White "Orias, Marcelo"]
[Black "Daza, Manfredo"]
[Result "0-1"]
[WhiteElo "1899"]
[BlackElo "2106"]
[PlyCount "108"]
[EventDate "2022.08.26"]
[EventType "swiss"]
[EventRounds "7"]
[EventCountry "BOL"]
[SourceTitle "CBM 210 Extra"]
[Source "ChessBase"]
[SourceDate "2022.11.30"]
[SourceVersion "1"]
[SourceVersionDate "2022.11.30"]
[SourceQuality "1"]

1. e4 c5 2. Nf3 g6 3. d4 cxd4 4. Qxd4 Nf6 5. e5 Nc6 6. Qc3 Nd5 7. Qc4 Nc7 8. Bd3 Bg7 9. Bf4 Ne6 10. Bg3 d6 11. Nc3 dxe5 12. 0-0 0-0 13. Rad1 Ned4 14. Be4 Be6 15. Qa4 Qc8 16. Nxe5 Nxe5 17. Rxd4 Nc4 18. Nd5 Bxd5 19. Rxd5 Nb6 20. Qb3 Nxd5 21. Bxd5 Qc5 22. Bxb7 Rad8 23. Be4 Be5 24. Bh4 Rb8 25. Qd5 Qxd5 26. Bxd5 e6 27. Bb3 Bxb2 28. Rd1 Rb7 29. Kf1 Kg7 30. Bg3 Bf6 31. Ke2 Rd8 32. Rd6 Rxd6 33. Bxd6 Be7 34. Bf4 g5 35. Be3 h5 36. c4 Rc7 37. Kd3 f5 38. f4 Rd7+ 39. Kc3 Bf6+ 40. Kb4 gxf4 41. Bxf4 Bd4 42. c5 e5 43. Bc1 Rc7 44. Bg5 Bxc5+ 45. Kb5 Be7 46. Bd2 f4 47. Ba5 Rc5+ 48. Ka6 e4 49. Be1 Rc7 50. Bd5 e3 51. Bf3 h4 52. Ba5 Rc2 53. a4 h3 54. g4 Rxh2 0-1

[Event "Santa Cruz op"]
[Site "Santa Cruz"]
[Date "2003.08.07"]
[Round "4"]
[White "Ferrufino, Boris"]
[Black "Daza, Manfredo"]
[Result "1-0"]
[WhiteElo "2268"]
[BlackElo "2013"]
[PlyCount "111"]
[EventDate "2003.08.05"]
[EventType "swiss"]
[EventRounds "9"]
[EventCountry "BOL"]
[SourceTitle "EXT 2004"]
[Source "ChessBase"]
[SourceDate "2003.11.25"]
[SourceVersion "1"]
[SourceVersionDate "2003.11.25"]
[SourceQuality "1"]

1. d4 d5 2. c4 e6 3. Nc3 c6 4. Nf3 f5 5. g3 Nf6 6. Bg2 Bd6 7. Qb3 0-0 8. 0-0 Kh8 9. Bf4 Ne4 10. Bxd6 Qxd6 11. c5 Qc7 12. Nxe4 fxe4 13. Ne5 Nd7 14. Nxd7 Bxd7 15. f3 exf3 16. exf3 b6 17. Rac1 bxc5 18. Rxc5 Qb6 19. Qc3 Rab8 20. b3 Qb4 21. Rc1 Qxc3 22. R1xc3 Kg8 23. a3 Kf7 24. Kf2 Ke7 25. Ra5 Rb7 26. Ke3 g5 27. Bf1 Kd6 28. Ba6 Rc7 29. Bd3 h6 30. b4 e5 31. Bc2 Re8 32. Ba4 exd4+ 33. Kxd4 Re2 34. Rc2 Re1 35. Ra6 Rd1+ 36. Ke3 Ra1 37. Bxc6 Bxc6 38. b5 Re7+ 39. Kf2 d4 40. Raxc6+ Kd7 41. Rc7+ Ke8 42. Rxe7+ Kxe7 43. Rc7+ Kd6 44. Rxa7 Ra2+ 45. Ke1 Rxh2 46. Ra4 Kc5 47. Rb4 Kb6 48. a4 d3 49. Rd4 Re2+ 50. Kd1 Re3 51. Kd2 Rxf3 52. Rxd3 Rf6 53. Kc3 Ka5 54. Kc4 h5 55. Rd8 Rf3 56. Rd6 1-0